Discursos leídos en la sesión inaugural de la Sociedad Ginecológica Española, celebrada el domingo 5 de diciembre de 1875 / (Record no. 42446)
[ view plain ]
| 000 -LEADER | |
|---|---|
| campo de control de longitud fija | 01100nam a2200241 i 4500 |
| 001 - NÚMERO DE CONTROL | |
| campo de control | 42446 |
| 003 - IDENTIFICADOR DE NÚMERO DE CONTROL | |
| campo de control | ES-MaACL |
| 005 - FECHA Y HORA DE LA ÚLTIMA TRANSACCIÓN | |
| campo de control | 20250807065759.0 |
| 007 - CAMPO FIJO DE DESCRIPCIÓN FÍSICA--INFORMACIÓN GENERAL | |
| campo de control de longitud fija | t| |
| 008 - DATOS DE LONGITUD FIJA--INFORMACIÓN GENERAL | |
| campo de control de longitud fija | 030327s1875 sp |||| | spa d |
| 100 1# - ENTRADA PRINCIPAL--NOMBRE DE PERSONA | |
| Nombre de persona | Pulido, Ángel, |
| Fechas asociadas al nombre | 1852-1932 |
| 9 (RLIN) | 149324 |
| 245 10 - MENCIÓN DEL TÍTULO | |
| Título | Discursos leídos en la sesión inaugural de la Sociedad Ginecológica Española, celebrada el domingo 5 de diciembre de 1875 / |
| Mención de responsabilidad, etc. | por Ángel Pulido Fernández y Francisco de Cortejarena y Aldevó [Tema: ¿Cuál es la misión de la mujer en conformidad a su ser físico y moral?]. |
| 260 ## - PUBLICACIÓN, DISTRIBUCIÓN, ETC. | |
| Lugar de publicación, distribución, etc. | Madrid : |
| Nombre del editor, distribuidor, etc. | [s.n.], |
| Fecha de publicación, distribución, etc. | 1875 ( |
| Fabricante | Imp. de Alejandro Gómez Fuentenebro) |
| 300 ## - DESCRIPCIÓN FÍSICA | |
| Extensión | 48 p. ; |
| Dimensiones | 27 cm. |
| 530 ## - NOTA DISPONIBLE DE FORMULARIO FÍSICO ADICIONAL | |
| Nota de formato físico adicional disponible | Disponible en formato digital. |
| 610 24 - PUNTO DE ACCESO ADICIONAL DE MATERIA--NOMBRE DE ENTIDAD CORPORATIVA | |
| Nombre de entidad corporativa o nombre de jurisdicción como elemento de entrada | Sociedad Ginecológica Española. |
| 9 (RLIN) | 6779 |
| 650 07 - PUNTO DE ACCESO ADICIONAL DE MATERIA--TÉRMINO DE MATERIA | |
| Término de materia o nombre geográfico como elemento de entrada | Mujeres |
| Fuente del encabezamiento o término | embne |
| 9 (RLIN) | 15251 |
| 700 1# - ENTRADA AGREGADA--NOMBRE PERSONAL | |
| Nombre de persona | Cortejarena y Aldebó, Francisco de, |
| Fechas asociadas al nombre | 1835-1919 |
| 9 (RLIN) | 145203 |
| 710 2# - ENTRADA AGREGADA--NOMBRE DE ENTIDAD CORPORATIVA | |
| Nombre de entidad corporativa o nombre de jurisdicción como elemento de entrada | Sociedad Ginecológica Española. |
| 9 (RLIN) | 6779 |
| 852 ## - LOCALIZACIÓN | |
| Ubicación | ES-MaACL |
| Número de control de estantería | T-175-F-2 |
| 856 ## - LOCALIZACIÓN Y ACCESO ELECTRÓNICOS | |
| Identificador Uniforme de Recursos | <a href="http://bdh-rd.bne.es/viewer.vm?id=0000108744&page=1 ">http://bdh-rd.bne.es/viewer.vm?id=0000108744&page=1 </a> |
| Nota pública | Biblioteca Digital Hispánica |
| Estatus retirado | Estado de pérdida | Estado de daño | No para préstamo | Colección | Biblioteca de origen | Biblioteca actual | Ubicación en estantería | Fecha de adquisición | Fuente de adquisición | Total de préstamos | Signatura topográfica completa | Código de barras | Visto por última vez | Precio de reemplazo | Tipo de ítem Koha |
|---|---|---|---|---|---|---|---|---|---|---|---|---|---|---|---|
| Colección de folletos | Biblioteca del Ateneo de Madrid | Biblioteca del Ateneo de Madrid | Depósito folletos | 17/01/2008 | T-175-F-2 | 1044673 | 23/02/2023 | 23/02/2023 | Folleto |
